000
00276nam a2200109Ia 4500
008
190216s9999||||xx |||||||||||||| ||und||
100
_a
Sreedharan M S
245
0
_a
Bharathiya Shashthra Manjusha
260
_b
Bharathiya Shashthra Manjusha
650
_a
Malayalam
942
_c
BK
999
_c
26469
_d
26469